| 000 | 00976nas a2200301 4500 | ||
|---|---|---|---|
| 001 | BR2012007708 | ||
| 003 | BR-BrBNA | ||
| 005 | 20231205121312.0 | ||
| 007 | ta | ||
| 008 | 230509b bl.|||p| |||| 00| 00por d | ||
| 040 |
_aBR-BrBNA _bpor _cBiblioteca Nacional de Agricultura |
||
| 041 | _a(Pt) | ||
| 072 | _aJ11 | ||
| 100 | 1 | _aMorais, P.L.D. de | |
| 100 | 1 | _aLima, L.C. de O. | |
| 100 | 1 | _aAlves, R.E. | |
| 100 | 1 | _aAlves, J.D. | |
| 100 | 1 | _aAlves, A. de P. | |
| 245 | 1 | _aAmadurecimento de sapoti (Manikara zapota L.)submetido ao 1-Metilciclopropeno | |
| 246 | 1 | _aRipening of sapodilla (Manikara zapota L.)submitted to 1-Methylcyclopropene | |
| 650 | _aSAPOTI | ||
| 650 | _aMATURAÇÃO | ||
| 650 | _aPÓS-COLHEITA | ||
| 650 | _aESTIMULANTE DE CRESCIMENTO VEGETAL | ||
| 773 | 0 |
_tRevista Brasileira de Fruticultura (Brazil) _xISSN 0100-2945 _g(Dec 2006), v. 28(3) p. 369-373 _wBR2012007708 |
|
| 909 |
_a202311 _bLúcia _c55 _dLúcia Elande |
||
| 942 |
_2AGRIS _n0 _cANA |
||
| 999 |
_c222837 _d222837 |
||